The Lore of the Old Testament. (Record no. 7640)

000 -LEADER
fixed length control field 00476nam a2200169 a 4500
001 - CONTROL NUMBER
control field :::00005401$&:&@@
003 - CONTROL NUMBER IDENTIFIER
control field OkBaRHE
005 - DATE AND TIME OF LATEST TRANSACTION
control field 20001026203353.0
008 - FIXED-LENGTH DATA ELEMENTS--GENERAL INFORMATION
fixed length control field s1951 j 000 0 eng u
040 ## - CATALOGING SOURCE
Transcribing agency
100 1# - MAIN ENTRY--PERSONAL NAME
Personal name Gaer, Joseph
245 14 - TITLE STATEMENT
Title The Lore of the Old Testament.
260 ## - PUBLICATION, DISTRIBUTION, ETC. (IMPRINT)
Place of publication, distribution, etc New York
Name of publisher, distributor, etc Grosset & Dunlap
Date of publication, distribution, etc 1951
300 ## - PHYSICAL DESCRIPTION
Extent 388 p.
942 ## - ADDED ENTRY ELEMENTS (KOHA)
Source of classification or shelving scheme
Koha item type Books
Copies
Withdrawn status Full call number Copy number Damaged status Source of classification or shelving scheme Price effective from Lost status Koha item type Barcode Date last seen Date acquired Permanent Location Shelving location Not for loan
 BM 530 .G281  2010-04-14 Books54012010-04-142010-04-14RHEMA Bible Training CollegeGeneral Stacks